000 00729nam a22002057a 4500
005 20100805163347.0
010 _aENG-98404
020 _a9788190861083
_c120.00
035 _aEN-81937
037 _bDBAD/PUB
082 _a004.36
100 _aGunasekaran, S.
_97269
245 _aClient server architecture and computing /
_cby S.Ganasekaran
260 _aErode
_bPallavi Publications
_c2009
270 _a194, Kanna Complex, Methur Road
_bErode
_e11
300 _a156p.
_c21cm (pbk)
650 _aClient/ server computing
_97270
942 _2ddc
_cEN
_h004.36
_mGUN
999 _c39584
_d39584